Gaming Quiz

Random Gaming Quiz

Crash Bandicoot Games Quiz Stats

 Plays Quiz not verified by Sporcle

Challenge
Share
Tweet
Embed
Score 0/16 Timer 06:00
0 Plays Today
Year Game % Correct
1996Crash Bandicoot
100%
1998Crash Bandicoot 3: Warped
66.7%
1997Crash Bandicoot 2: Cortex Strikes Back
66.7%
1999Crash Team Racing
63%
2000Crash Bash
48.1%
2001Crash Bandicoot: The Wrath of Cortex
44.4%
2004Crash Twinsanity
29.6%
2007Crash of the Titans
29.6%
Year Game % Correct
2008Crash Mind Over Mutant
29.6%
2002Crash Bandicoot: The Huge Adventure
25.9%
2003Crash Nitro Kart
25.9%
2005Crash Tag Team Racing
25.9%
2003Crash Bandicoot 2: N-Tranced
22.2%
2004Crash Bandicoot Purple: Ripto's Rampage
18.5%
2006Crash Boom Bang!
18.5%
2017Crash N-Sane Trilogy
18.5%

You're not logged in!

Compare scores with friends on all Sporcle quizzes.
Join for Free
OR
Log In

You Might Also Like...

Show Comments

Extras

Created Jul 16, 2017ReportNominate
Tags:crash, Crash Bandicoot

Top Quizzes Today


Score Distribution

Your Account Isn't Verified!

In order to create a playlist on Sporcle, you need to verify the email address you used during registration. Go to your Sporcle Settings to finish the process.

Report this User

Report this user for behavior that violates our Community Guidelines.

Details: